000 01336nam0a2200337 4500
001 RU\NLR\BIBL_A\016211437
005 20260406143149.0
035 _a(NLR Aleph) 016211437
090 _a12708456
_c12708456
100 _a20221118d1988 |||y0rusy50 ca
101 0 _arus
102 _aRU
105 _aa z 000gy
181 0 _ai3
_baxxe
182 0 _an
200 1 _aСтихотворения
_fНиколай Гумилев
_g[гравюры художника Н. И. Калиты]
203 _aТекст
_bвизуальный
_cнепосредственный
210 _aМосква
_c[б. и.]
_d1988
215 _a63 с.
_cил.
_d11
225 1 _aБиблиотечка журнала "Полиграфия"
311 _aПрил. к журн. "Полиграфия" № 9 за 1988 г.
422 0 _12001#$aПолиграфия$eжурнал$v№ 9 за 1988 г.
_tПолиграфия
686 2 _aШ6(2=Р)53-5
700 1 _8rus
_7ca
_aГумилев
_bН. С.
_f1886-1921
_gНиколай Степанович
_3RU\NLR\AUTH\773664
_9113657
702 1 _4040
_8rus
_7ca
_aКалита
_bН. И.
_f1926-2016
_gНиколай Иванович
_3RU\NLR\AUTH\7766927
_949855
852 _aNLR
_j72-0/279
942 _cBOOK
980 _aNB